Basic technical mathematics / (Record no. 181187)

000 -LEADER
fixed length control field 00808 a2200193 4500
003 - CONTROL NUMBER IDENTIFIER
control field NUST
005 - DATE AND TIME OF LATEST TRANSACTION
control field 20221122122900.0
010 ## - LIBRARY OF CONGRESS CONTROL NUMBER
LC control number 77136628
020 ## - INTERNATIONAL STANDARD BOOK NUMBER
International Standard Book Number 0675092604
040 ## - CATALOGING SOURCE
Transcribing agency Nust
082 00 - DEWEY DECIMAL CLASSIFICATION NUMBER
Classification number 519,LEN
100 1# - MAIN ENTRY--PERSONAL NAME
Personal name Lenert, Louis H.
9 (RLIN) 103330
245 10 - TITLE STATEMENT
Title Basic technical mathematics /
Statement of responsibility, etc. Louis H. Lenert.
260 ## - PUBLICATION, DISTRIBUTION, ETC.
Place of publication, distribution, etc. Columbus, Ohio,
Name of publisher, distributor, etc. Merrill
Date of publication, distribution, etc. [1971]
300 ## - PHYSICAL DESCRIPTION
Extent x, 656 p.:
Other physical details illus. (part col.)
Dimensions 26 cm.
505 ## - FORMATTED CONTENTS NOTE
Formatted contents note Algebraic concepts (Page-1), Radicals,logarithms,and the slide rule (Page-81), Algebraic functions (Page-149), Systems of equations (Page-243), Trigonometry (Page-333), Transcendental functions and operations (Page-421), Analytical geometry (Page-481), Vector operations (Page-545), Appendices (Page-589).
650 #0 - SUBJECT ADDED ENTRY--TOPICAL TERM
Topical term or geographic name entry element Engineering mathematics.
942 ## - ADDED ENTRY ELEMENTS (KOHA)
Source of classification or shelving scheme
Koha item type Book
Call number prefix 519,LEN
Holdings
Withdrawn status Lost status Source of classification or shelving scheme Damaged status Not for loan Permanent Location Current Location Shelving location Date acquired Full call number Barcode Date last seen Price effective from Koha item type Public note
          Military College of Signals (MCS) Military College of Signals (MCS) General Stacks 12/12/2016 519,LEN MCS7695 12/08/2016 12/12/2016 Book Almirah No.14, Shelf No.2
© 2023 Central Library, National University of Sciences and Technology. All Rights Reserved.